Cours Droit du commerce international

保存先:
書誌詳細
第一著者: Jacquet, Jean-Michel
フォーマット: 図書
言語:Undetermined
出版事項: Paris, Fre. Dalloz 2002
主題:
タグ: タグ追加
タグなし, このレコードへの初めてのタグを付けませんか!
Thư viện lưu trữ: Trung tâm Học liệu Trường Đại học Cần Thơ
LEADER 00551nam a2200181Ia 4500
001 CTU_61625
008 210402s9999 xx 000 0 und d
082 |a 341.754 
082 |b J19 
100 |a Jacquet, Jean-Michel 
245 0 |a Cours Droit du commerce international 
245 0 |c Jean-Michel Jacquet et Philippe Delebecque 
260 |a Paris, Fre. 
260 |b Dalloz 
260 |c 2002 
650 |a International economic relations,Foreign trade regulation 
904 |i Minh,Hải 
980 |a Trung tâm Học liệu Trường Đại học Cần Thơ